000 00307nam a22001217a 4500
020 _a0662111217
082 _222
_a006.31
100 _aKurzweil, Raymond.
245 _aThe age of intelligent machines /
260 _aEngland,
_bMIT Press,
_cc1990.
300 _axiii, 565p. ;
_bill. ;
_c28 cm.
942 _2ddc
_cIT
999 _c2024
_d2024